000 00487nam a2200169 i 4500
001 57101
003 ES-MaACL
005 20230906163520.0
007 t|
008 031015s1929 gt ||||1| spa d
245 0 0 _aDiscursos.
260 _aGuatemala :
_b[s.n.],
_c1929 (
_fUnion Tipográfica)
300 _a62 p. ;
_c19 cm.
500 _aPrecede al tít.: Universidad Nacional de Guatemala.
710 2 _aUniversidad de San Carlos de Guatemala.
_9173736
852 _aES-MaACL
_j1735-F-6
999 _c57101
_d57101